| 000 | 00691nam a2200277Ia 4500 | ||
|---|---|---|---|
| 005 | 20260324130440.0 | ||
| 008 | 008 260324s9999 xx 000 0 eng d | ||
| 020 | _a9781315091655 | ||
| 037 | _aEBOOK | ||
| 040 | _aCRL | ||
| 040 | _beng | ||
| 040 | _cCRL | ||
| 041 | _2eng | ||
| 041 | _aeng | ||
| 084 | _qCRL | ||
| 100 |
_aKees van Montfort; Albert Satorra; Johan Oud _91181818 |
||
| 245 | 0 | _aLongitudinal Models in the Behavioral and Related Sciences | |
| 260 | _bTaylor and Francis | ||
| 260 | _c2007 | ||
| 365 | _a | ||
| 365 | _b255 | ||
| 856 | _uhttp://www.taylorfrancis.com/books/9781315091655 | ||
| 942 | _cEBOOK | ||
| 999 |
_c1778001 _d1778001 |
||